| 000 | 00732nam a2200229 i 4500 | ||
|---|---|---|---|
| 001 | 175927 | ||
| 003 | ES-MaACL | ||
| 005 | 20240209181036.0 | ||
| 007 | t| | ||
| 008 | 101201s1980 sp ||||1| spa d | ||
| 020 | _a84-7090-103-6 | ||
| 080 | _a322(460) | ||
| 100 | 1 |
_aCaro Baroja, Julio, _d1914-1995 _935403 |
|
| 245 | 1 | 0 |
_aIntroducción a una historia contemporánea del anticlericalismo español / _cJulio Caro Baroja. |
| 260 |
_aMadrid : _bIstmo, _cD. L. 1980. |
||
| 300 |
_a243, [2] p. , [1] h. ; _c18 cm. |
||
| 490 | 1 |
_aFundamentos ; _v70 |
|
| 650 | 0 | 4 |
_aAnticlericalismo- _zEspaña. _9138703 |
| 830 | 0 | 0 |
_aFundamentos (Ediciones Istmo) _v70 _9121682 |
| 852 |
_aES-MaACL _jE-13740 |
||
| 999 |
_c175927 _d175927 |
||